[Event "Skakligaen 2025-26"]
[Site "Denmark"]
[Date "2026.01.25"]
[Round "6.4"]
[White "Vinther Schou, Uffe"]
[Black "Storme, Isak"]
[Result "0-1"]
[WhiteElo "2281"]
[BlackElo "2426"]
[EventDate "2025.11.01"]
[EventType "team-tourn"]
[EventRounds "9"]
[EventCountry "DEN"]
[SourceTitle "Holdskaksystemet"]
[WhiteTeam "Aarhus/Skolerne"]
[BlackTeam "Hillerod"]
[WhiteTeamCountry "DEN"]
[BlackTeamCountry "DEN"]

1. e4 e5 2. Nf3 Nc6 3. Bc4 Bc5 4. d3 Nf6 5. Bg5 h6 6. Bh4 Be7 7. Nc3 d6 8. a3 Nxe4 9. Bxe7 Nxc3 10. Bxd8 Nxd1 11. Bxc7 Nxb2 12. Bxd6 Nxc4 13. dxc4 f6 14. c5 Bg4 15. Nd2 Nd4 16. O-O O-O-O 17. Rab1 Bf5 18. Rb2 Bxc2 19. f4 Bd3 20. Re1 Ne2+ 21. Kf2 Nxf4 22. g3 Ne6 23. Ke3 Ba6 24. Rc1 Nd4 25. Ke4 Bb5 26. Nc4 Bc6+ 27. Ke3 h5 28. Rf1 Rd7 29. a4 Bd5 30. Nd2 h4 31. g4 h3 32. g5 Bg2 33. Rf2 fxg5 34. Nc4 Re8 35. Rbd2 g6 36. Rf6 Nf5+ 37. Kf2 g4 38. Nxe5 Nxd6 39. cxd6 Rxe5 40. Rf8+ Rd8 0-1

[Event "Skakligaen 2025-26"]
[Site "Denmark"]
[Date "2026.01.25"]
[Round "6.5"]
[White "Borge, Nikolaj"]
[Black "Pedersen, Finn"]
[Result "1-0"]
[WhiteElo "2384"]
[BlackElo "2272"]
[EventDate "2025.11.01"]
[EventType "team-tourn"]
[EventRounds "9"]
[EventCountry "DEN"]
[SourceTitle "Holdskaksystemet"]
[WhiteTeam "Hillerod"]
[BlackTeam "Aarhus/Skolerne"]
[WhiteTeamCountry "DEN"]
[BlackTeamCountry "DEN"]

1. e4 c6 2. d4 d5 3. e5 Bf5 4. Nf3 e6 5. Be2 Ne7 6. O-O Nd7 7. Nbd2 b5 8. Nh4 Bg6 9. f4 Nc8 10. Nxg6 hxg6 11. a4 Qb6 12. Nf3 a5 13. axb5 cxb5 14. Qd3 Rb8 15. Bd2 a4 16. b3 axb3 17. cxb3 b4 18. Rfc1 Be7 19. Ra6 Qd8 20. Rxe6 fxe6 21. Qxg6+ Kf8 22. Ng5 Bxg5 23. fxg5 Qe8 24. Bxb4+ Rxb4 25. Qxe8+ Kxe8 26. Rxc8+ Ke7 27. Rxh8 Rxd4 28. Bh5 Nxe5 29. Rg8 g6 30. Bxg6 Nxg6 31. Rg7+ Kd6 32. Rxg6 Rb4 33. Rg8 Ke7 34. g6 Kf6 35. Kf2 e5 36. Rd8 d4 37. Rd6+ Kg7 38. h4 Rxb3 39. h5 Kh6 40. g4 Rb2+ 41. Kg3 Rb1 42. Rd7 Kg5 43. g7 Rb3+ 44. Kf2 Rb8 45. Rd6 Kf4 46. Rf6+ 1-0

[Event "Skakligaen 2025-26"]
[Site "Denmark"]
[Date "2026.01.25"]
[Round "6.6"]
[White "Sobjerg, Erik"]
[Black "Percivaldi, Martin"]
[Result "0-1"]
[WhiteElo "2238"]
[BlackElo "2369"]
[EventDate "2025.11.01"]
[EventType "team-tourn"]
[EventRounds "9"]
[EventCountry "DEN"]
[SourceTitle "Holdskaksystemet"]
[WhiteTeam "Aarhus/Skolerne"]
[BlackTeam "Hillerod"]
[WhiteTeamCountry "DEN"]
[BlackTeamCountry "DEN"]

1. e4 e5 2. Nf3 Nc6 3. Nc3 Nf6 4. Bb5 Bb4 5. O-O O-O 6. Bxc6 dxc6 7. d3 Bd6 8. Ne2 Nd7 9. Be3 Re8 10. Nd2 Nf8 11. Nc4 Be6 12. Nxd6 cxd6 13. f4 exf4 14. Nxf4 f6 15. Nxe6 Rxe6 16. Qf3 Qa5 17. Rf2 Rae8 18. Bd2 Qd8 19. Bc3 Ng6 20. a4 Ne5 21. Qg3 d5 22. Re1 Nd7 23. h3 dxe4 24. Rxe4 Rxe4 25. dxe4 Rxe4 26. Qd6 Qe7 27. Qc7 Nf8 28. Qg3 Kf7 29. a5 a6 30. Rd2 Re2 31. Rxe2 Qxe2 32. Qc7+ Qe7 33. Qb6 Ne6 34. Bb4 Qd7 35. c3 Nf4 36. Qe3 g5 37. Qe4 Kg7 38. h4 Qe6 39. Qf3 Qe1+ 40. Kh2 Qxh4+ 41. Kg1 Qe1+ 42. Kh2 Qe5 43. Kh1 Ne2 44. Qd3 Ng3+ 45. Kg1 Qe1+ 46. Kh2 Nf1+ 47. Kh1 Ne3+ 48. Kh2 Ng4+ 49. Kh3 Qh4# 0-1

[Event "Skakligaen 2025-26"]
[Site "Denmark"]
[Date "2026.01.25"]
[Round "6.7"]
[White "Ostergaard, Jens"]
[Black "Hagen, Kresten Skytte"]
[Result "1-0"]
[WhiteElo "2271"]
[BlackElo "2117"]
[EventDate "2025.11.01"]
[EventType "team-tourn"]
[EventRounds "9"]
[EventCountry "DEN"]
[SourceTitle "Holdskaksystemet"]
[WhiteTeam "Hillerod"]
[BlackTeam "Aarhus/Skolerne"]
[WhiteTeamCountry "DEN"]
[BlackTeamCountry "DEN"]

1. d4 Nf6 2. Nf3 e6 3. c4 d5 4. Nc3 c6 5. e3 Nbd7 6. Bd3 Bd6 7. O-O O-O 8. e4 dxe4 9. Nxe4 Nxe4 10. Bxe4 f5 11. Bc2 e5 12. Ng5 Nf6 13. c5 Bc7 14. Bb3+ Nd5 15. dxe5 Bxe5 16. Re1 Bc7 17. Qh5 h6 18. Qg6 hxg5 19. Bxg5 Bxh2+ 20. Kh1 Qa5 21. Re7 Be5 22. Bh6 1-0

[Event "Skakligaen 2025-26"]
[Site "Denmark"]
[Date "2026.01.25"]
[Round "6.8"]
[White "Skytte, Robert"]
[Black "Jaksland, Tim"]
[Result "0-1"]
[WhiteElo "2032"]
[BlackElo "2129"]
[EventDate "2025.11.01"]
[EventType "team-tourn"]
[EventRounds "9"]
[EventCountry "DEN"]
[SourceTitle "Holdskaksystemet"]
[WhiteTeam "Aarhus/Skolerne"]
[BlackTeam "Hillerod"]
[WhiteTeamCountry "DEN"]
[BlackTeamCountry "DEN"]

1. e4 c5 2. Nf3 g6 3. c3 d5 4. exd5 Qxd5 5. d4 Bg7 6. Na3 cxd4 7. Nb5 Qd8 8. Nbxd4 Nf6 9. Bc4 O-O 10. O-O Qc7 11. Bb3 Nbd7 12. Ng5 Nc5 13. Bxf7+ Rxf7 14. b4 Nce4 15. Nxf7 Kxf7 16. Qb3+ e6 17. Nb5 Qc6 18. f3 Nd6 19. Nxd6+ Qxd6 20. Be3 Nd5 21. Bc5 Qc7 22. Rac1 b6 23. Bf2 Bh6 24. Rc2 Ne3 25. Bxe3 Bxe3+ 26. Kh1 Bg5 27. Re1 Bd7 28. Rce2 Re8 29. Rd1 Re7 30. Kg1 Bf6 31. c4 Bc8 32. Rde1 Qc6 33. Rd2 Qc7 34. Rde2 Qf4 35. Re4 Qd2 36. R1e2 Qc3 37. Qxc3 Bxc3 38. c5 bxc5 39. bxc5 Rc7 40. Ra4 Bd7 41. Rc4 Rxc5 42. Rf4+ Ke7 43. Rh4 h5 44. g4 Bb5 45. Re4 Bc6 46. gxh5 Bxe4 47. Rxe4 Rxh5 48. Rc4 Ba5 49. Kg2 Bb6 50. Kg3 Rg5+ 51. Kf4 Rg2 52. a4 Rxh2 53. Kg3 Rd2 54. Rg4 Bc7+ 55. Kh4 Kf6 56. f4 Rd4 0-1